LEADER 00800nam1 2200253 450 001 000004016 005 20050630120100.0 100 $a--------d1953----km-y0itay50------ba 101 $aita 102 $aIT 200 1 $aBattaglie economiche tra le due grandi guerre$fFelice Guarneri 210 $aMilano$cGarzanti$d1953 215 $a2 v.$d21 cm 225 2 $aMemorie e documenti 410 0$12001$aMemorie e documenti 463 \1$1001000004017$12001 $a1.$e1918-1935 463 \1$1001000004018$12001 $a2.$e1936-1940 610 1 $aItalia$aCondizioni economiche$a1918-1940 676 $a330.945091 700 1$aGuarneri,$bFelice$0249450 801 0$aIT $bUNIPARTHENOPE $gRICA $2UNIMARC 912 $a000004016 996 $aBattaglie economiche tra le due grandi guerre$91205755 997 $aUNIPARTHENOPE LEADER 01293oam 2200421zu 450 001 9911006608003321 005 20251126012328.0 010 $a1-60119-805-1 035 $a(CKB)1000000000810812 035 $a(SSID)ssj0000071834 035 $a(PQKBManifestationID)12014641 035 $a(PQKBTitleCode)TC0000071834 035 $a(PQKBWorkID)10093522 035 $a(PQKB)10379869 035 $a(EXLCZ)991000000000810812 100 $a20160829d2007 uy 101 0 $aeng 181 $ctxt 182 $cc 183 $acr 200 10$aEnergy Conservation Guidebook 210 31$a[Place of publication not identified]$cFairmont Press Incorporated$d2007 300 $aBibliographic Level Mode of Issuance: Monograph 311 08$a0-8493-9178-4 606 $aMechanical Engineering$2HILCC 606 $aEngineering & Applied Sciences$2HILCC 606 $aMechanical Engineering - General$2HILCC 615 7$aMechanical Engineering 615 7$aEngineering & Applied Sciences 615 7$aMechanical Engineering - General 700 $aPatrick$b Dale R.$027422 702 $aFardo$b Stephen 702 $aRichardson$b Ray E.$f1961- 801 0$bPQKB 906 $aBOOK 912 $a9911006608003321 996 $aEnergy Conservation Guidebook$94387604 997 $aUNINA